Financial Shenanigans How to Detect Accounting Gimmicks and Fraud in Financial Reports
Salvato in:
| Autore principale: | |
|---|---|
| Altri autori: | , |
| Natura: | Libro |
| Lingua: | inglese |
| Pubblicazione: |
New York
McGraw-Hill
2018
|
| Edizione: | 4th Edition |
| Soggetti: | |
| Tags: |
Nessun Tag, puoi essere il primo ad aggiungerne!!
|
MARC
| LEADER | 00000nam a2200000 4500 | ||
|---|---|---|---|
| 001 | 0246882 | ||
| 005 | 20240313125117.2 | ||
| 020 | |a 978-1-260-11726-4 | ||
| 020 | |a 1-260-11726-X | ||
| 041 | 0 | |a eng | |
| 044 | |a US | ||
| 245 | 1 | 0 | |a Financial Shenanigans |b How to Detect Accounting Gimmicks and Fraud in Financial Reports |c Howard M. Schilit, Jeremy Perler, Yoni Engelhart |
| 250 | |a 4th Edition | ||
| 264 | 1 | |a New York |b McGraw-Hill |c 2018 | |
| 300 | |a 317 s. | ||
| 610 | 2 | 0 | |a výkazníctvo finančné |
| 610 | 2 | 0 | |a výkazníctvo účtovné |
| 610 | 2 | 0 | |a korporácie |
| 610 | 2 | 0 | |a podvody |
| 610 | 2 | 0 | |a kriminalita finančná |
| 610 | 2 | 0 | |a kriminalita hospodárska |
| 610 | 2 | 0 | |a opatrenia |
| 610 | 2 | 0 | |a kontrola finančná |
| 610 | 2 | 0 | |a kontrolóri |
| 610 | 2 | 0 | |a ochrana investícií |
| 610 | 2 | 0 | |a ochrana majetku |
| 100 | 1 | |a Schilit, Howard M. | |
| 700 | 1 | |a Perler, Jeremy | |
| 700 | 1 | |a Engelhart, Yoni | |